000 01035nam a2200289 c 4500
003 BLK
005 20220523162108.0
008 180408b bul|||||r ||||||| ||bul||
010 _aKNG00076819000
020 _a954-9337-17-0
_bиздат.: Сдружение Словото
040 _aBLK
041 _aBUL
_cBUL
080 _aБългарска литература
_b821.163.2
_x-32
_z821.163.2-32
100 1 _aДелчев, Петър
_eпърви автор
_9293955
139 _aДелчев, Петър
_bД 39
245 1 0 _aТрънски разкази
_cПетър Делчев.
257 _aBGR
260 София
_bСдружение Словото
_c2006
300 _a119 с.
_c20 см
380 _aX
500 _aСъдържа и Земята и Земята на вълците / Александър Чакъров
852 _aЦб 235034
856 4 _qpdf
_u
856 4 _qpdf
_u
942 _cKNG
_n0
_05
944 _aCR
_c01.08.2007
_kЦветанка_Енчева
944 _aED
_c18.02.2015
_kВиолета_Тройчева
999 _c72444
_d72444